00354nam a2200145Ia 4500008004100000020001500041041000800056082001700064100001500081245003800096250000600134260005100140300000800191650000900199210716s1996 xx 000 0 und d a812240670X aeng a005.133 XAVC aXavier, C. aFortran 77 and numerical methods. a1 aNew DelhibNew Age International Pvt Ltdc1996 a527 aNone